书目信息 |
| 题名: |
科学跑步
|
|
| 作者: | 马波 著 | |
| 分册: | ||
| 出版信息: | 长春 吉林科学技术出版社 2021 |
|
| 页数: | 234页 | |
| 开本: | 24cm | |
| 丛书名: | ||
| 单 册: | ||
| 中图分类: | G822.02 | |
| 科图分类: | ||
| 主题词: | 跑--pao--运动训练 | |
| 电子资源: | ||
| ISBN: | 978-7-5578-7782-8 | |
| 000 | 01023nam0 2200253 450 | |
| 001 | 2156262723 | |
| 005 | 20211011172911.0 | |
| 010 | @a978-7-5578-7782-8@dCNY56.00 | |
| 100 | @a20210623d2021 em y0chiy0120 ea | |
| 101 | 0 | @achi |
| 102 | @aCN@b220000 | |
| 105 | @aa az 000yy | |
| 106 | @ar | |
| 200 | 1 | @a科学跑步@Ake xue pao bu@e实用体能训练方法@f马波著 |
| 210 | @a长春@c吉林科学技术出版社@d2021 | |
| 215 | @a234页@c图@d24cm | |
| 320 | @a有书目 (第233-234页) | |
| 330 | @a奔跑是件让人舒适和享受的事情,要想拥有更畅快淋漓的跑步体验,体能训练可以很好地帮助你。你想要跑得更有力、更快、更久、更轻松吗?开展体能训练吧!你想要掌握直接、有效的体能训练方法吗?阅读本书吧!从需求到方法、从理论到实践,给予你贴心的跑步体能训练指导,帮你系统全面地提升体能水平。科学跑步,享受跑步,去体验、去训练、去收获。 | |
| 517 | 1 | @a实用体能训练方法@Ashi yong ti neng xun lian fang fa |
| 606 | 0 | @a跑@Apao@x运动训练 |
| 690 | @aG822.02@v5 | |
| 701 | 0 | @a马波@Ama bo@4著 |
| 801 | 0 | @aCN@b百万庄@c20211006 |
| 905 | @b1305230-33@dG822.02@e182@f4 | |
| 科学跑步:实用体能训练方法/马波著.-长春:吉林科学技术出版社,2021 |
| 234页:图;24cm |
| ISBN 978-7-5578-7782-8:CNY56.00 |
| 奔跑是件让人舒适和享受的事情,要想拥有更畅快淋漓的跑步体验,体能训练可以很好地帮助你。你想要跑得更有力、更快、更久、更轻松吗?开展体能训练吧!你想要掌握直接、有效的体能训练方法吗?阅读本书吧!从需求到方法、从理论到实践,给予你贴心的跑步体能训练指导,帮你系统全面地提升体能水平。科学跑步,享受跑步,去体验、去训练、去收获。 |
| ● |
| 相关链接 |
|
|
|
|
正题名:科学跑步
索取号:G822.02/182
 
预约/预借
| 序号 | 登录号 | 条形码 | 馆藏地/架位号 | 状态 | 备注 |
| 1 | 1305230 | 213052300 | 第一样本阅览室/ [索取号:G822.02/182] | 在馆 | |
| 2 | 1305231 | 213052319 | 第四借阅区/ [索取号:G822.02/182] | 在馆 | |
| 3 | 1305232 | 213052328 | 第四借阅区/ [索取号:G822.02/182] | 在馆 | |
| 4 | 1305233 | 213052337 | 第四借阅区/ [索取号:G822.02/182] | 在馆 | |
| 5 | 1355402 | 213554027 | 第四借阅区/ [索取号:G822.02/182] | 在馆 | |
| 6 | 1355403 | 213554036 | 第四借阅区/ [索取号:G822.02/182] | 在馆 | |
| 7 | 1355404 | 213554045 | 第四借阅区/ [索取号:G822.02/182] | 在馆 | |
| 8 | 1355405 | 213554054 | 第四借阅区/ [索取号:G822.02/182] | 在馆 |